| 000 | 00784cam a2200193 4500 | ||
|---|---|---|---|
| 001 | WB3704-14 | ||
| 008 | 000000n2001 000 0 eng u | ||
| 035 | _a(Sirsi) u110465 | ||
| 245 | _aSiteStuff and RexOffice merge | ||
| 260 | _c2001 | ||
| 490 |
_aProperty Week _v66(3) 19 January 2001, 16(1) |
||
| 520 | _aTwo of the largest commercial property internet sites, SiteStuff.com and RexOffice.com, have merged. SiteStuff is mainly aimed at property managers while RexOffice connects office landlords with their tenants. With the merger has also come discussions on introducing these services to the UK. | ||
| 590 | _aWB | ||
| 650 | _aINTERNET | ||
| 650 |
_aProcurement _96260 |
||
| 650 |
_aProperty management _96262 |
||
| 690 | _aINFORMATION TECHNOLOGY-INTERNET | ||
| 942 | _n0 | ||
| 999 |
_c65862 _d65862 |
||